000 00156nam a22000857a 4500
082 _a823
100 _aGERONIMO STILTON
245 _aTHE HOUR MAGIC
942 _cBK
999 _c8467
_d8467